Swiss Cantons by Flag - Statistics

General Stats
  • This quiz has been taken 663 times
  • The average score is 20 of 26
Answer Stats
Picture Answer % Correct
Bern
96%
Geneva
86%
Uri
82%
Zürich
82%
Ticino
79%
Valais
79%
Vaud
79%
Schwyz
78%
Appenzell Innerrhoden
76%
Glarus
76%
Neuchâtel
76%
Appenzell Ausserrhoden
75%
Basel-Stadt
75%
Graubünden
75%
Jura
75%
Lucerne
75%
Obwalden
75%
Nidwalden
74%
St Gallen
74%
Zug
73%
Aargau
72%
Schaffhausen
72%
Fribourg
71%
Thurgau
68%
Basel-Landschaft
67%
Solothurn
67%
No matching quizzes found
Score Distribution
Percent of People with Each Score
Percentile by Number Answered
Your Score History
You have not taken this quiz